000
00307nam a2200121Ia 4500
005
20251222154415.0
008
251222s9999||||xx |||||||||||||| ||spa||
020
_a
84-85207-03-3
082
_a
510/L26
100
_a
"LarrauriPacheco, Agustín"
245
0
_a
Mateméticas formación profesional
942
_c
LIB
999
_c
35814
_d
35814